| 000 -LEADER |
| fixed length control field |
01162nam a2200217Ia 4500 |
| 003 - CONTROL NUMBER IDENTIFIER |
| control field |
OSt |
| 005 - DATE AND TIME OF LATEST TRANSACTION |
| control field |
20241011135911.0 |
| 007 - PHYSICAL DESCRIPTION FIXED FIELD--GENERAL INFORMATION |
| fixed length control field |
ca aa aaaaa |
| 008 - FIXED-LENGTH DATA ELEMENTS--GENERAL INFORMATION |
| fixed length control field |
201103s9999 xx 000 0 und d |
| 040 ## - CATALOGING SOURCE |
| Transcribing agency |
SSBUL |
| 041 ## - LANGUAGE CODE |
| Language code of text/sound track or separate title |
bur |
| 082 ## - DEWEY DECIMAL CLASSIFICATION NUMBER |
| Edition number |
23 |
| Classification number |
၂၉၄.၃၄၃၅၀၉ ရွှေ |
| Item number |
၉၀၉၂(၁) S-SAT |
| 100 0# - MAIN ENTRY--PERSONAL NAME |
| Personal name |
ရွှေယုံ၊ စဝ်၊ ဦး |
| 9 (RLIN) |
17285 |
| 245 10 - TITLE STATEMENT |
| Title |
ကောင်းမူးလုန် ရွှေဆတ်မင်းစေတီတော်သမိုင်း (ခမ်းတီလုန်ပူတာအို) / |
| Statement of responsibility, etc. |
ဦးစဝ်ရွှေယုံ နှင့် ဦးစဝ်နွယ်ဆားတော်။ |
| 260 ## - PUBLICATION, DISTRIBUTION, ETC. |
| Place of publication, distribution, etc. |
ရန်ကုန် ၊ |
| Name of publisher, distributor, etc. |
အသိုင်းအဝိုင်းစာပေ၊ |
| Date of publication, distribution, etc. |
၁၉၉၈။ |
| 300 ## - PHYSICAL DESCRIPTION |
| Extent |
၁၄၆ စာမျက်နှာ ၊ |
| Other physical details |
ဓါတ်ပုံများ ၊ |
| Dimensions |
၁၇ စင်တီ။ |
| 500 ## - GENERAL NOTE |
| General note |
S-SAT: Dr. Sai Aung Tun |
| 650 ## - SUBJECT ADDED ENTRY--TOPICAL TERM |
| Topical term or geographic name entry element |
ရွှေဆတ်မင်းစေတီတေ် |
| Form subdivision |
သမိုင်း |
| 9 (RLIN) |
55045 |
| 700 ## - ADDED ENTRY--PERSONAL NAME |
| Personal name |
နွယ်ဆားတော်၊ စဝ်၊ ဦး။ |
| 9 (RLIN) |
55046 |
| 942 ## - ADDED ENTRY ELEMENTS (KOHA) |
| Source of classification or shelving scheme |
|
| Koha item type |
Book (Short term) |